000 00528nam a2200181Ia 4500
003 GCL
008 140319s9999 xx 000 0 eng d
040 _aGCL /
_cGCL
082 0 4 _a792.2
_bS R
100 1 _aSTYAN, J.L.
245 1 0 _aRESTARATION COMECTY IN PERFOEMANCE /
_cSTYAN, J.L.
260 _a[S.N] :
_bCAMBRIBGE UNIVERSITY PRESS ،
_c1989
300 _a271
650 0 4 _aTHEATER - PRODUCTION AND DIRECTION
650 0 4 _aENGLISH DRAMA RESTORATION, 1660
650 0 4 _aENGLISH DRAMA - COMEDY HISTORY
942 _2ddc
_cBK
999 _c10277
_d10277